000
00276nam a22001337a 4500
008
171227b xxu||||| |||| 00| 0 eng d
020
_a
9781840784152
041
_a
eng
080
_a
004
100
_a
30
101
_a
SHKI
245
_a
iPhone
_c
Provan, D
942
_2
udc
_c
BK
999
_c
39454
_d
39454